All neighborhoods of San Francisco - Statistics

General Stats
  • This quiz has been taken 41 times
  • The average score is 31 of 118
Answer Stats
Answer % Correct
Chinatown
86%
The mission
86%
The presidio
82%
The tenderloin
82%
The castro
79%
The haight
79%
The sunset
75%
The richmond
71%
Japantown
68%
North beach
64%
Russian hill
64%
The marina
64%
Fisherman's wharf
61%
Noe valley
57%
South of market
57%
The embarcadero
57%
The financial district
57%
Nob hill
54%
Pacific heights
54%
Potrero hill
54%
The bayview
54%
Union square
54%
Bernal heights
50%
Hunters point
50%
Twin peaks
50%
Civic center
46%
Cow hollow
46%
The excelsior
46%
The inner sunset
46%
Glen park
43%
The fillmore
43%
Dogpatch
39%
Ingleside
39%
The outer sunset
39%
Diamond heights
36%
Telegraph hill
36%
Sea cliff
32%
The lower haight
32%
The outer mission
32%
Alamo square
29%
Forest hill
29%
Hayes valley
29%
Rincon hill
29%
The parkside
29%
west portal
29%
Anza vista
25%
Mission bay
25%
Parkmerced
25%
Portola
25%
South beach
25%
Little russia
21%
the western addition
21%
Treasure island
21%
Visitacion valley
21%
Yerba buena
21%
Corona heights
18%
Eureka valley
18%
India basin
18%
Lakeshore
18%
Lower nob hill
18%
Parnassus
18%
Saint francis wood
18%
Cole valley
14%
Crocker-amazon
14%
Dolores heights
14%
Duboce triangle
14%
Lake street
14%
Lower pacific heights
14%
Mission dolores
14%
Mission terrace
14%
Polk gulch
14%
Presidio heights
14%
Silver terrace
14%
Sunnydale
14%
Sunnyside
14%
University mound
14%
Ashbury Heights
11%
Buena vista
11%
China basin
11%
Forest knolls
11%
Golden gate heights
11%
Little saigon
11%
Merced manor
11%
North of panhandle
11%
Oceanview
11%
Belden place
7%
Clarendon heights
7%
Laguna honda
7%
Little hollywood
7%
Lone mountain
7%
Mount davidson
7%
Sherwood forest
7%
Upper market
7%
Vista del mar
7%
Balboa terrace
4%
Butchertown
4%
Cathedral hill
4%
Design district
4%
Islais creek
4%
Jackson square
4%
Merced heights
4%
Midtown terrace
4%
Westwood park
4%
Balboa hollow
0%
ingleside terraces
0%
Irish hill
0%
Jordan park
0%
Lakeside
0%
Laurel heights
0%
Lincoln manor
0%
Mid market
0%
Miraloma park
0%
Monterey heights
0%
Portola place
0%
South end
0%
South park
0%
The financial district south
0%
Westwood highlands
0%
No matching quizzes found
Score Distribution
Percent of People with Each Score
Percentile by Number Answered
Your Score History
You have not taken this quiz